Central Library OPAC University of Rajshahi

إسلامية المعرفة : المبادئ العامة، خطة العمل، الإنجازات ;; Islāmīyat al-maʻrifah : al-mabādiʼ al-ʻāmmah, khuṭṭat al-ʻamal, al-injāzāt /. (Record no. 78046)

MARC details
000 -LEADER
fixed length control field 01283aaa a2200289 a 4500
001 - CONTROL NUMBER
control field 78046
003 - CONTROL NUMBER IDENTIFIER
rucl marc code BD-RjUL
005 - DATE AND TIME OF LATEST TRANSACTION
control field 20211209083101.0
008 - FIXED-LENGTH DATA ELEMENTS--GENERAL INFORMATION
fixed length control field 210310s1992 ai ||||| |||| 00| 0 ara d
020 ## - INTERNATIONAL STANDARD BOOK NUMBER
International Standard Book Number 091246304
035 ## - SYSTEM CONTROL NUMBER
System control number (BD-RjUL)78272
040 ## - CATALOGING SOURCE
Original cataloging agency BD-RjUL
Language of cataloging eng
Transcribing agency BD-RjUL
041 ## - LANGUAGE CODE
Language code of text/sound track or separate title ara
082 ## - DEWEY DECIMAL CLASSIFICATION NUMBER
Edition number 23
Classification number 297.7701
Author mark and year INI 1992
110 10 - MAIN ENTRY--CORPORATE NAME
Corporate name or jurisdiction name as entry element المعهد الدولي للفكر الإسلامي. International Institute of Islamic Thought.
9 (RLIN) 245848
245 ## - TITLE STATEMENT
Title إسلامية المعرفة : المبادئ العامة، خطة العمل، الإنجازات ;; Islāmīyat al-maʻrifah : al-mabādiʼ al-ʻāmmah, khuṭṭat al-ʻamal, al-injāzāt /.
Statement of responsibility, etc. International Institute of Islamic Thought.
250 ## - EDITION STATEMENT
Edition statement 2nd.ed.
260 ## - PUBLICATION, DISTRIBUTION, ETC. (IMPRINT)
Place of publication, distribution, etc. Washington, D.C. :
Name of publisher, distributor, etc. al-Maʻhad al-ʻĀlamī lil-Fikr al-Islāmī,
Date of publication, distribution, etc. 1992
Place of publication, distribution, etc. الامريكية:
Name of publisher, distributor, etc. المعهد العالمي للفكر الإسلامي ,
Date of publication, distribution, etc. 1992
300 ## - PHYSICAL DESCRIPTION
Pagination 227 p. ;
Size 22 cm.
490 ## - SERIES STATEMENT
Series statement Islamization of knowledge series ; no. 1.
650 ## - SUBJECT ADDED ENTRY--TOPICAL TERM
Topical term or geographic name as entry element Islamic education
Form subdivision Philosophy.
9 (RLIN) 245849
Topical term or geographic name as entry element International Institute of Islamic Thought.
9 (RLIN) 245850
Topical term or geographic name as entry element Islam
Chronological subdivision 20th century.
9 (RLIN) 245851
830 ## - SERIES ADDED ENTRY--UNIFORM TITLE
Uniform title Islamization of knowledge series ;
Volume number/sequential designation no. 1.
942 ## - ADDED ENTRY ELEMENTS (KOHA)
Source of classification or shelving scheme Dewey Decimal Classification
Koha item type Books
Holdings
Lost status Source of classification or shelving scheme Damaged status Not for loan Collection code Permanent Location Current Location Shelving location Date acquired Source of acquisition Cost, normal purchase price Total Checkouts Full call number Date last seen Copy number Koha item type
  Dewey Decimal Classification   Not For Loan Non-fiction Central Library, University of Rajshahi Central Library, University of Rajshahi Reading Room 18/12/2011 N/A 0.00   A 297.7701 INI 1992 10/03/2021 C-1 Books